000 01155nam a2200313 i 4500
003 EG-GICUC
005 20260121101239.0
008 251118s1971 iq ||||fr|||| 00| 0 ara d
017 _a١٩٧١/٥٧٠
040 _a EG-GICUC
_bara
_c EG-GICUC
_d EG-GICUC
_erda
041 0 _aara
082 0 4 _221
_a345
_bش ا . ق
092 0 4 _221
099 _aLaw1 07 345 ش ا . ق 1971
100 0 _aشاب توما منصور
_eمؤلف.
245 1 2 _aالقانون الإداري.
_nالجزء الأول /
_cالدكتور شاب توما منصور.
264 3 _aبغداد :
_bدار الطبع والنشر الاهلية،
_c1971.
300 _a455 ؛صفحة
_c24 سم.
_bإيضاحيات، صور، مثيليات ؛
336 _2rda content
_atext
337 _2rda media
_aComputer
338 _2rda carrier
_aOnline Resource
504 _aيتشمل على إرجاعات ببليوغرافية.
546 _aالنص باللغة العربية
650 1 4 _aالقانون الإداري
_2qrmak
651 1 _2qrmak
856 4 0 _uhttps://fll.law.cu.edu.eg/fulltext/bks/B07-00416.pdf
905 _a32
_eYara
942 _2ddc
_cBK
_e21
_n0
999 _c44223
_d44223